Shiraz : (Record no. 13322)

MARC details
000 -LEADER
fixed length control field 00993cam a22003011i 4500
001 - CONTROL NUMBER
control field 10298996
003 - CONTROL NUMBER IDENTIFIER
control field EG-ScBUE
005 - DATE AND TIME OF LATEST TRANSACTION
control field 20240428085107.0
008 - FIXED-LENGTH DATA ELEMENTS--GENERAL INFORMATION
fixed length control field 740712t1960 okub f b 001 0 eng d
035 ## - SYSTEM CONTROL NUMBER
System control number (OCoLC)945030
040 ## - CATALOGING SOURCE
Original cataloging agency DLC
Language of cataloging eng
Description conventions rda
Transcribing agency OMC
Modifying agency OCoLC
-- DLC
-- EG-ScBUE
043 ## - GEOGRAPHIC AREA CODE
Geographic area code a-ir---
082 04 - DEWEY DECIMAL CLASSIFICATION NUMBER
Classification number 955.7
Edition number 22
Item number ARB
100 1# - MAIN ENTRY--PERSONAL NAME
Personal name Arberry, A. J.
Fuller form of name (Arthur John),
Dates associated with a name 1905-1969,
Relator term author.
9 (RLIN) 11134
245 10 - TITLE STATEMENT
Title Shiraz :
Remainder of title Persian city of saints and poets /
Statement of responsibility, etc by Arthur J. Arberry.
250 ## - EDITION STATEMENT
Edition statement First edition.
264 #1 - PUBLICATION, DISTRIBUTION, ETC. (IMPRINT)
Place of publication, distribution, etc Norman, Oklahoma :
Name of publisher, distributor, etc University of Oklahoma Press,
Date of publication, distribution, etc [1960]
264 #4 - PUBLICATION, DISTRIBUTION, ETC. (IMPRINT)
Date of publication, distribution, etc c1960
300 ## - PHYSICAL DESCRIPTION
Extent xv, 177 pages :
Other physical details maps ;
Dimensions 20 cm.
336 ## - CONTENT TYPE
Source rdacontent
Content type term text
Content type code txt
337 ## - MEDIA TYPE
Media type term unmediated
Source rdamedia
Media type code n
338 ## - CARRIER TYPE
Carrier type term volume
Carrier type code nc
Source rdacarrier
490 0# - SERIES STATEMENT
Series statement The centers of civilization series
504 ## - BIBLIOGRAPHY, ETC. NOTE
Bibliography, etc Includes bibliographical references and index.
651 #7 - SUBJECT ADDED ENTRY--GEOGRAPHIC NAME
Geographic name Shiraz (Iran)
General subdivision History.
Source of heading or term BUEsh
9 (RLIN) 11136
655 ## - INDEX TERM--GENRE/FORM
Form subdivision Reading book
942 ## - ADDED ENTRY ELEMENTS (KOHA)
Source of classification or shelving scheme Dewey Decimal Classification
Koha item type Book - Borrowing
Holdings
Withdrawn status Lost status Source of classification or shelving scheme Damaged status Not for loan Collection code Home library Current library Shelving location Date acquired Source of acquisition Total Checkouts Full call number Barcode Date last seen Price effective from Koha item type
    Dewey Decimal Classification     Donation-Gift Central Library Central Library Second Floor 09/02/2010 Donation   955.7 ARB 000019091 15/07/2025 09/02/2010 Book - Borrowing